书目信息 |
| 题名: |
大数据驱动下的教育变革与创新
|
|
| 作者: | 罗桂琼 著 | |
| 分册: | ||
| 出版信息: | 昆明 云南科技出版社 2020.08 |
|
| 页数: | 247页 | |
| 开本: | 21cm | |
| 丛书名: | ||
| 单 册: | ||
| 中图分类: | G40-012 | |
| 科图分类: | ||
| 主题词: | 创造教育--chuang zao jiao yu--教育改革--研究--中国 | |
| 电子资源: | ||
| ISBN: | 978-7-5587-0783-4 | |
| 000 | 01326nam0 2200229 450 | |
| 001 | 0109110122 | |
| 005 | 20201109110335.0 | |
| 010 | @a978-7-5587-0783-4@dCNY52.00 | |
| 100 | @a20200908d2020 em y0chiy50 ea | |
| 101 | 0 | @achi |
| 102 | @aCN@b530000 | |
| 105 | @ay z 000yy | |
| 106 | @ar | |
| 200 | 1 | @a大数据驱动下的教育变革与创新@Ada shu ju qu dong xia de jiao yu bian ge yu chuang xin@f罗桂琼著 |
| 210 | @a昆明@c云南科技出版社@d2020.08 | |
| 215 | @a247页@d21cm | |
| 330 | @a本文章首先阐述了新形势下我国创新创业教育的重要性、内涵以及大数据技术的相关含义和研究进展,分析了现阶段创新创业教育中存在的问题。其次,针对现有问题论述了大数据给创新创业教育带来的变革。在应用需求方面,展示了政府、学校、机构、企业与市场在创新创业教育中对大数据的广泛需求;在应用框架方面,基于数据支撑、云服务平台搭建和应用服务系统,构建创新创业教育大数据平台,通过数据采集、储存、挖掘和分析,为创新创业教育提供大数据支撑;在应用内容方面,根据创新创业教育的内涵,结合大数据技术,剖析大数据如何融入创新创业教育和有效提高创新创业教育的科学性;在应用流程方面,描述了大数据在创新创业教育中的操作步骤。最后文章探索了互联网未来时代的教育。 | |
| 606 | 0 | @a创造教育@Achuang zao jiao yu@x教育改革@x研究@y中国 |
| 690 | @aG40-012@v5 | |
| 701 | 0 | @a罗桂琼@Aluo gui qiong@f(1970-)@4著 |
| 801 | 0 | @aCN@bBJSZM@c20201103 |
| 905 | @b1267381-4@dG40-012@e1102@f4 | |
| 大数据驱动下的教育变革与创新/罗桂琼著.-昆明:云南科技出版社,2020.08 |
| 247页;21cm |
| ISBN 978-7-5587-0783-4:CNY52.00 |
| 本文章首先阐述了新形势下我国创新创业教育的重要性、内涵以及大数据技术的相关含义和研究进展,分析了现阶段创新创业教育中存在的问题。其次,针对现有问题论述了大数据给创新创业教育带来的变革。在应用需求方面,展示了政府、学校、机构、企业与市场在创新创业教育中对大数据的广泛需求;在应用框架方面,基于数据支撑、云服务平台搭建和应用服务系统,构建创新创业教育大数据平台,通过数据采集、储存、挖掘和分析,为创新创业教育提供大数据支撑;在应用内容方面,根据创新创业教育的内涵,结合大数据技术,剖析大数据如何融入创新创业教育和有效提高创新创业教育的科学性;在应用流程方面,描述了大数据在创新创业教育中的操作步骤。最后文章探索了互联网未来时代的教育。 |
| ● |
| 相关链接 |
|
|
|
|
正题名:大数据驱动下的教育变革与创新
索取号:G40-012/1102
 
预约/预借
| 序号 | 登录号 | 条形码 | 馆藏地/架位号 | 状态 | 备注 |
| 1 | 1267381 | 212673819 | 教育系资料室/ [索取号:G40-012/1102] | 在馆 | |
| 2 | 1267382 | 212673828 | 第四借阅区/ [索取号:G40-012/1102] | 在馆 | |
| 3 | 1267383 | 212673837 | 教育系资料室/ [索取号:G40-012/1102] | 在馆 | |
| 4 | 1267384 | 212673846 | 教育系资料室/ [索取号:G40-012/1102] | 在馆 | |
| 5 | 1295615 | 212956158 | 第一样本阅览室/ [索取号:G40-012/1102] | 在馆 | |
| 6 | 1295616 | 212956167 | 第四借阅区/ [索取号:G40-012/1102] | 在馆 | |
| 7 | 1295617 | 212956176 | 第四借阅区/ [索取号:G40-012/1102] | 在馆 | |
| 8 | 1295618 | 212956185 | 第四借阅区/ [索取号:G40-012/1102] | 在馆 |